000 00511nmm a2200169Ia 4500
008 251105s9999||||xx |||||||||||||||||und||
020 _a9788425220692
041 _aspa
100 _aElam, Kimberly
245 0 _aSistemas reticulares :
_b Principios para organizar la tipografía
264 _a[Madrid, España] :
_bEditorial Gustavo Gili,
_c2006
300 _a157 páginas
490 _aGGDiseño
650 _aDesign and fashion
856 _uhttps://public.digitaliapublishing.com/a/41339
942 _cCF
999 _c80235
_d80235